| 000 | 01233nam0a2200325 4500 | ||
|---|---|---|---|
| 001 | RU\NLR\BIBL_A\022552857 | ||
| 005 | 20260420045105.0 | ||
| 010 |
_a978-5-6052641-9-4 _91000 |
||
| 021 |
_aRU _bКН-П-25-020398 _9КН-П-25-2063 |
||
| 035 | _a(NLR Aleph) 022552857 | ||
| 090 |
_a13673678 _c13673678 |
||
| 100 | _a20250528d2025 k y0rusy50 ca | ||
| 101 | 0 |
_arus _deng |
|
| 102 | _aRU | ||
| 105 | _aa z 000yy | ||
| 181 | 0 |
_ai _baxxe |
|
| 182 | 0 | _an | |
| 200 | 1 |
_aЗдоровье медицинских работников _eсборник научных трудов _fпод ред. к. м. н. Мамаевой М. А. |
|
| 203 |
_aТекст _bвизуальный _cнепосредственный |
||
| 210 |
_aСанкт-Петербург _cСтелла _d2025 |
||
| 215 |
_a123 с. _cил., цв. ил. _d21 |
||
| 300 | _aРез. англ. | ||
| 333 | _a16+ | ||
| 606 | 1 |
_aМедицинские работники _jСборники _xЗдоровье _91527410 _3RU\NLR\AUTH\66664732 |
|
| 686 | 1 | _aР124.59-4я43 | |
| 702 | 1 |
_aМамаева _bМ. А. _gМарина Аркадьевна _4340 |
|
| 942 | _cBOOK | ||
| 980 | _aNB | ||